|
|
|
|
| LEADER |
01058nab a2200181 i 4500 |
| 001 |
univ73743 |
| 005 |
20250320145612.0 |
| 008 |
250320s2025 hu o 000 hun d |
| 040 |
|
|
|a SZTE UnivHistória Repozitórium
|b hun
|
| 041 |
|
|
|a hun
|
| 100 |
1 |
|
|a Kibédi Péter
|
| 245 |
1 |
0 |
|a Bemutatjuk a Pálfy Ferenc-díj idei kitüntetettjeit
|h [elektronikus dokumentum] :
|b Sonkodi Rita : másodszor adták át a szegedi polgári közösség legrangosabb elismerését /
|c Kibédi Péter
|
| 260 |
|
|
|c 2025-03-19
|
| 490 |
0 |
|
|a Szegedma.hu
|
| 561 |
|
|
|a Egyetemi hirarchívum
|
| 695 |
|
|
|a Kitüntetés, Sonkodi Rita - festőművész - adjunktus - Pálfy Ferenc-díj, Tanítóképző Tanszék, Alkalmazott Pedagógiai Intézet, Juhász Gyula Pedagógusképző Kar - JGYPK, Pálfy Ferenc - Szeged város egykori polgármestere, Mihálffy Béla - országgyűlési képviselő
|
| 700 |
0 |
3 |
|a kerekes
|
| 856 |
4 |
0 |
|u http://univ.bibl.u-szeged.hu/73743/1/Bemutatjuk%20a%20P%C3%A1lfy%20Ferenc-d%C3%ADj%20idei%20kit%C3%BCntetettjeit_%20Sonkodi%20Rita%20_%20Szeged%20Ma.pdf
|z Dokumentum-elérés
|